[Event "Vaxjo op"]
[Site "Vaxjo"]
[Date "2016.02.19"]
[Round "4"]
[White "Olofsson Dolk, Mattis"]
[Black "Fransson, Patrick"]
[Result "0-1"]
[WhiteElo "2263"]
[BlackElo "2108"]
[PlyCount "144"]
[EventDate "2016.02.19"]
[EventType "swiss"]
[EventRounds "8"]
[EventCountry "SWE"]
[SourceTitle "CBM 170 Extra"]
[Source "ChessBase"]
[SourceDate "2016.02.25"]
[SourceVersion "1"]
[SourceVersionDate "2016.02.25"]
[SourceQuality "1"]

1. d4 d5 2. c4 c6 3. Nf3 Nf6 4. Nc3 e6 5. Bg5 Be7 6. e3 h6 7. Bh4 Nbd7 8. Bd3 0-0 9. 0-0 b6 10. cxd5 exd5 11. Rb1 Bb7 12. b4 Ne8 13. Bg3 Nd6 14. Ne5 Nxe5 15. dxe5 Nc4 16. Bxc4 dxc4 17. Qg4 Qd3 18. Ne2 Rad8 19. Nd4 Bc8 20. Qf3 Rxd4 21. exd4 Qxf3 22. gxf3 Bf5 23. Rb2 Rd8 24. b5 cxb5 25. Rxb5 Rxd4 26. Rc1 Ba3 27. Re1 c3 28. e6 Bxe6 29. Be5 Rc4 30. Rb3 Bb2 31. Rxb2 cxb2 32. Bxb2 Rc2 33. Bd4 Rxa2 34. Kg2 Ra3 35. Be3 Rb3 36. Rd1 a5 37. Rd8+ Kh7 38. Ra8 Bc4 39. Kg3 Kg6 40. Kf4 Rb4 41. Ke5 Rb5+ 42. Kd6 Bd5 43. Rb8 Bxf3 44. Rxb6 Rxb6+ 45. Bxb6 a4 46. Bc5 Kf5 47. Ke7 Bd5 48. Kd6 Bb3 49. Bd4 g5 50. Kc5 Ke4 51. Bg7 h5 52. Bh6 g4 53. Be3 Bd1 54. Kc4 Kf3 55. Kd3 a3 56. Kd2 a2 57. Bd4 Bb3 58. Ke1 Bc4 59. Bf6 Be6 60. Kf1 Ke4 61. Kg2 Kd3 62. Kg3 Kc2 63. Kf4 Kb1 64. Kg5 a1Q 65. Bxa1 Kxa1 66. Kxh5 Kb2 67. Kg5 Kc3 68. Kf4 Kd4 69. f3 gxf3 70. Kxf3 Ke5 71. h4 Kf6 72. Kf4 Kg6 0-1

[Event "Lund CellaVision Cup"]
[Site "Lund"]
[Date "2015.08.07"]
[Round "2"]
[White "Cramling, Pia"]
[Black "Fransson, Patrick"]
[Result "1-0"]
[WhiteElo "2512"]
[BlackElo "2127"]
[PlyCount "111"]
[EventDate "2015.08.07"]
[EventType "swiss"]
[EventRounds "8"]
[EventCountry "SWE"]
[SourceTitle "CBM 167 Extra"]
[Source "ChessBase"]
[SourceDate "2015.09.14"]
[SourceVersion "1"]
[SourceVersionDate "2015.09.14"]
[SourceQuality "1"]

1. d4 f5 2. g3 Nf6 3. Bg2 g6 4. Nf3 d6 5. 0-0 Bg7 6. b4 0-0 7. Bb2 Qe8 8. c4 Qf7 9. Nbd2 h6 10. Qc2 g5 11. a4 c6 12. b5 Bd7 13. Bc3 Rc8 14. Qb3 Ne4 15. Nxe4 fxe4 16. Nd2 d5 17. cxd5 cxd5 18. Bb2 Be6 19. f3 Qg6 20. Rac1 Nd7 21. fxe4 dxe4 22. Qe3 Nf6 23. Nxe4 Ng4 24. Qd3 Qh5 25. h3 Nf6 26. Nxf6+ Bxf6 27. g4 Qf7 28. Bxb7 Rxc1 29. Rxc1 Rd8 30. Bg2 h5 31. Bf3 Qg7 32. Rd1 hxg4 33. hxg4 Qh6 34. Kg2 Kf7 35. Rh1 Qg6 36. Rh7+ Bg7 37. d5 Qxd3 38. Rxg7+ Kf8 39. exd3 Bxd5 40. Rxg5 Bb3 41. Be4 Bxa4 42. Bd5 e6 43. Bc4 Kf7 44. Rf5+ Ke8 45. Rh5 Kf7 46. Rh7+ Kg6 47. Rxa7 Bd1 48. Bxe6 Kg5 49. Rg7+ Kf4 50. Rd7 Re8 51. Rf7+ Ke3 52. Bf5 Bf3+ 53. Kg3 Bd5 54. Rd7 Bb3 55. b6 Ba4 56. Rc7 1-0

[Event "SWE-chT 1415 Elite"]
[Site "Sweden"]
[Date "2015.03.22"]
[Round "9.3"]
[White "Steneskog, Per"]
[Black "Fransson, Patrick"]
[Result "0-1"]
[WhiteElo "2213"]
[BlackElo "2130"]
[PlyCount "82"]
[EventDate "2014.11.21"]
[EventType "team-tourn"]
[EventRounds "9"]
[EventCountry "SWE"]
[SourceTitle "EXT 2016"]
[Source "ChessBase"]
[SourceDate "2015.10.08"]
[SourceVersion "1"]
[SourceVersionDate "2015.10.08"]
[SourceQuality "1"]
[WhiteTeam "Solna"]
[BlackTeam "Orgryte"]
[WhiteTeamCountry "SWE"]
[BlackTeamCountry "SWE"]

1. d4 d5 2. c4 c6 3. Nc3 Nf6 4. Nf3 e6 5. cxd5 exd5 6. Qc2 Be7 7. Bg5 Be6 8. e3 Nbd7 9. Bd3 h6 10. Bh4 Qc7 11. 0-0 a6 12. Rfc1 0-0 13. Rab1 Rfc8 14. Na4 b6 15. Qe2 b5 16. Nc3 Qa7 17. h3 c5 18. dxc5 Bxc5 19. Qd2 Re8 20. b3 Bd6 21. Bxf6 Nxf6 22. Nd4 Qd7 23. Ncxb5 axb5 24. Bxb5 Qe7 25. Bxe8 Rxe8 26. b4 Bd7 27. b5 Ne4 28. Qe2 Qg5 29. f4 Qg6 30. b6 Nc3 31. Qe1 Nxb1 32. Rxb1 Rxe3 33. Qf1 Qe4 34. Nf3 Qxf4 35. b7 Bb8 36. a4 Bxa4 37. Qc1 Re8 38. Qc8 Qe3+ 39. Kh1 Qe6 40. Rc1 Bd7 41. Qc2 Qa6 0-1

[Event "SWE-chT 1415 Elite"]
[Site "Sweden"]
[Date "2015.01.31"]
[Round "6"]
[White "Fransson, Patrick"]
[Black "Cuenca Jimenez, Jose Fernando"]
[Result "0-1"]
[WhiteElo "2130"]
[BlackElo "2483"]
[PlyCount "92"]
[EventDate "2014.11.21"]
[EventType "team-tourn"]
[EventRounds "9"]
[EventCountry "SWE"]
[SourceTitle "EXT 2016"]
[Source "ChessBase"]
[SourceDate "2015.10.08"]
[SourceVersion "1"]
[SourceVersionDate "2015.10.08"]
[SourceQuality "1"]
[WhiteTeam "Orgryte"]
[BlackTeam "Lunds"]
[WhiteTeamCountry "SWE"]
[BlackTeamCountry "SWE"]

1. d4 d6 2. c4 Nf6 3. Nc3 g6 4. e4 Bg7 5. f3 0-0 6. Be3 c5 7. Nge2 Nc6 8. Qd2 Qa5 9. dxc5 dxc5 10. Nd5 Qxd2+ 11. Bxd2 Nxd5 12. exd5 Nb4 13. Bxb4 cxb4 14. 0-0-0 Bf5 15. f4 Rfc8 16. Ng3 Bg4 17. Rd2 b5 18. h3 Bd7 19. b3 a5 20. Rc2 Bh6 21. Ne4 Bxf4+ 22. Kd1 Bf5 23. Bd3 bxc4 24. bxc4 a4 25. Ke2 b3 26. axb3 axb3 27. Rb2 Bxe4 28. Bxe4 Rxc4 29. Kf3 Raa4 30. Re1 Rab4 31. Kxf4 f5 32. Kf3 fxe4+ 33. Kf4 Rc2 34. Rbb1 Rxg2 35. Ke5 Kg7 36. Ke6 Rd2 37. Re3 b2 38. Kxe7 Rxd5 39. Re2 Rd3 40. Rh2 Rbb3 41. h4 Rh3 42. Rf2 Rxh4 43. Rf7+ Kh6 44. Kd6 e3 45. Re7 Rh2 46. Re4 Rc3 0-1